Me llaman Artemio Furia II / (Registro nro. 3223)
[ vista simple ]
| 000 -LEADER | |
|---|---|
| fixed length control field | 01355nam a2200229 a 4500 |
| 005 - FECHA ULTIMA MODIFICACION | |
| control field | 20241212134110.0 |
| 008 - CAMPO DE CONTROL (LIBRO) | |
| fixed length control field | 230622s2016||||ag gr |||| f|spa d |
| 010 ## - NUMERO DE CONTROL BIBLIOTECA DEL CONGRESO | |
| LC control number | |
| 020 ## - INTERNATIONAL STANDARD BOOK NUMBER | |
| ISBN | 9789877390513 |
| 022 ## - INTERNATIONAL STANDARD SERIAL NUMBER | |
| Incorrect ISSN | |
| 041 ## - CODIGO DE IDIOMA | |
| Código de idioma del texto/pista de sonido o título separado | spa |
| 092 ## - SIGNATURA TOPOGRAFICA DEWEY LOCAL | |
| número de clasificación | 808 |
| libristica | 8 |
| sección | BON |
| 100 1# - ENTRADA PRINCIPAL--NOMBRE PERSONAL | |
| Nombre personal | Bonellli, Florencia |
| 9 (RLIN) | 4163 |
| 245 ## - TITULO PROPIAMENTE DICHO | |
| Título | Me llaman Artemio Furia II / |
| Mención de responsabilidad y remanente de la transcripción de la portada | Florencia Bonelli |
| 250 ## - MENCION DE EDICION | |
| Mención de edición | 1a ed. |
| 260 ## - PIE DE IMPRENTA | |
| Lugar de publicación, distribución, etc | Buenos Aires: |
| Nombre de la editorial, distribuidor, etc | Suma de letras; |
| Fecha de publicación | 2016. |
| 300 ## - DESCRIPCION FISICA | |
| Extension | 320 p. |
| Otros detalles físicos | 21x13 cm. |
| 500 ## - NOTA GENERAL | |
| Nota general | Bonelli, F. (2016). Me llaman Artemio Furia II. (1a ed.). Buenos Aires : Suma de letras. |
| 505 ## - NOTA DE CONTENIDO | |
| Nota de contenido formateada | Buenos Aires, 1810. Artemio Furia es un gaucho cuyo nombre se pronuncia con respeto y temor en todas las esferas de la sociedad. Entre 1806 y 1807, sus centauros y él sirvieron en los ejércitos de Juan Martín de Pueyrredón para expulsar a los ingleses. Su influencia entre los paisanos es decisiva. Cuando palpita la Revolución de Mayo, la facción patriótica lo convoca para luchar por la libertad. Contar con las huestes del gaucho Furia puede significar la victoria. En medio de estas intrigas políticas, el pasado oscuro y trágico de Artemio Furia se hace presente y el honor lo obliga a hacerle frente con la venganza. En esta batalla, podrá perder algo más que la vida. Podrá perder el amor. |
| 655 ## - MATERIA - GENERO/FORMA | |
| Género/Forma | Literatura |
| -- | 2917 |
| 942 ## - ADDED ENTRY ELEMENTS (KOHA) | |
| Source of classification or shelving scheme | Dewey Decimal Classification |
| Item type | LITERATURA |
| Estado de retiro | Existencia | Fuente de clasificación | Estado general | No para prestamo | Ubicación permanente | ubicación actual | Sala de ubicación | Fecha de adquisición | Fuente de adquisición | Total Checkouts | Número de clasificación | Código de barras | Date last seen | Número de ejemplar | Price effective from | Koha tipo de elemento (item) | Public note | Coded location qualifier |
|---|---|---|---|---|---|---|---|---|---|---|---|---|---|---|---|---|---|---|
| Dewey Decimal Classification | Biblioteca Medicina | Biblioteca Medicina | Circulación | 12/12/2024 | Donación Diciembre 2024. Sede Tordos. | 808 8 BON | 4964 | 12/12/2024 | Ej.1 | 12/12/2024 | LITERATURA | Donación Diciembre 2024. Sede Tordos. |